Giáo trình vi xử lý và cấu trúc máy tính (Dùng cho sinh viên cao đẳng kỹ thuật)

Gardado en:
Detalles Bibliográficos
Outros autores: Phạm Xuân Khánh, Vũ Trung Kiên, Kiều Xuân Trực
Formato: Libro
Idioma:Vietnamese
Publicado: H. Giáo dục 2010
Edición:Tái bản lần thứ 2
Những chủ đề:
Các nhãn: Engadir etiqueta
Sen Etiquetas, Sexa o primeiro en etiquetar este rexistro!
Thư viện lưu trữ: Thư viện Trường Đại học Nam Cần Thơ
LEADER 00905nam a22002177a 4500
001 NCT_26948
008 180222b xxu||||| |||| 00| 0 vie d
999 |c 1291  |d 1291 
020 |c 24000 
082 |2 23rd ed.  |a 004.16  |b T123 
245 0 0 |a Giáo trình vi xử lý và cấu trúc máy tính  |b (Dùng cho sinh viên cao đẳng kỹ thuật)  |c Ngô Diên Tập (chủ biên) [et al.] 
250 |a Tái bản lần thứ 2 
260 |a H.  |b Giáo dục  |c 2010 
300 |a 180 tr.  |c 24cm 
653 |a Công nghệ kỹ thuật ô tô 
700 1 |a Phạm Xuân Khánh 
700 1 |a Vũ Trung Kiên 
700 1 |a Kiều Xuân Trực 
942 |2 ddc  |c BK 
952 |0 0  |1 0  |2 ddc  |4 0  |6 004_160000000000000_T123  |7 0  |9 6577  |a 000001  |b 000001  |d 2018-02-22  |o 004.16 T123  |p MD.10075  |r 2018-02-22  |v 24000.00  |w 2018-02-22  |y BK 
980 |a Thư viện Trường Đại học Nam Cần Thơ